[Event "ROM-ch U14"]
[Site "Baile Felix"]
[Date "2017.02.08"]
[Round "8"]
[White "Gavrila, Vlad Cristian"]
[Black "Supiala, Mihai Alexandru"]
[Result "1-0"]
[WhiteElo "1240"]
[BlackElo "1384"]
[PlyCount "95"]
[EventDate "2017.02.02"]
[EventType "swiss"]
[EventRounds "9"]
[EventCountry "ROU"]
[SourceTitle "CBM 176 Extra"]
[Source "ChessBase"]
[SourceDate "2017.03.02"]
[SourceVersion "1"]
[SourceVersionDate "2017.03.02"]
[SourceQuality "1"]

1. e4 e5 2. f4 d6 3. Nf3 Nc6 4. d4 Bg4 5. Bb5 Qd7 6. d5 Nge7 7. dxc6 Nxc6 8. h3 Bxf3 9. Qxf3 a6 10. Bxc6 Qxc6 11. Nc3 Be7 12. Bd2 0-0 13. 0-0-0 f5 14. Nd5 Bd8 15. fxe5 fxe4 16. Qxe4 Re8 17. Nc3 Qxe4 18. Nxe4 Rxe5 19. Nc3 Bf6 20. Rhe1 Ra5 21. a3 Rf8 22. Ne4 Rd5 23. Nxf6+ Rxf6 24. Bc3 Rxd1+ 25. Kxd1 Rf7 26. Re8+ Rf8 27. Rxf8+ Kxf8 28. Ke2 Kf7 29. Ke3 Kg6 30. g3 Kf7 31. h4 g6 32. Kf4 h6 33. g4 Kg8 34. Ke4 c6 35. Bb4 d5+ 36. Kd4 Kf7 37. Kc5 Kf6 38. Bd2 h5 39. gxh5 gxh5 40. Kb6 Ke6 41. Kxb7 Kd6 42. Kxa6 c5 43. a4 Kc6 44. a5 Kd7 45. Kb5 c4 46. Kc5 Kc7 47. Kxd5 Kb7 48. Kxc4 1-0

[Event "ROM-ch U14"]
[Site "Baile Felix"]
[Date "2017.02.07"]
[Round "7"]
[White "Supiala, Mihai Alexandru"]
[Black "Boeru, Darius Alexandru"]
[Result "0-1"]
[WhiteElo "1384"]
[BlackElo "1684"]
[PlyCount "70"]
[EventDate "2017.02.02"]
[EventType "swiss"]
[EventRounds "9"]
[EventCountry "ROU"]
[SourceTitle "CBM 176 Extra"]
[Source "ChessBase"]
[SourceDate "2017.03.02"]
[SourceVersion "1"]
[SourceVersionDate "2017.03.02"]
[SourceQuality "1"]

1. d4 f5 2. Nf3 Nf6 3. Bg5 Ne4 4. e3 Nxg5 5. Nxg5 g6 6. Nc3 Bg7 7. Bd3 e5 8. dxe5 Qxg5 9. g3 Bxe5 10. Qd2 Bg7 11. 0-0-0 Qf6 12. Rhe1 d6 13. e4 0-0 14. exf5 Bxf5 15. Bxf5 Qxf5 16. Rf1 Nc6 17. Qd5+ Kh8 18. Qd2 Qa5 19. a3 Bxc3 20. Qxc3+ Qxc3 21. bxc3 Rf7 22. Kb2 Raf8 23. Rd2 Ne5 24. f4 Nc4+ 25. Kc1 Nxd2 26. Kxd2 g5 27. Ke3 Rf5 28. Ke4 gxf4 29. gxf4 Ra5 30. f5 Re5+ 31. Kd4 Rexf5 32. Re1 Rf4+ 33. Kd3 Rf3+ 34. Kd2 Rf2+ 35. Kd1 Rf1 0-1

[Event "ROM-ch U14"]
[Site "Baile Felix"]
[Date "2017.02.05"]
[Round "5"]
[White "Supiala, Mihai Alexandru"]
[Black "Juravle, Stefan"]
[Result "1/2-1/2"]
[WhiteElo "1384"]
[BlackElo "1259"]
[PlyCount "29"]
[EventDate "2017.02.02"]
[EventType "swiss"]
[EventRounds "9"]
[EventCountry "ROU"]
[SourceTitle "CBM 176 Extra"]
[Source "ChessBase"]
[SourceDate "2017.03.02"]
[SourceVersion "1"]
[SourceVersionDate "2017.03.02"]
[SourceQuality "1"]

1. d4 Nf6 2. e4 Nxe4 3. Bd3 Nf6 4. Nf3 g6 5. Bg5 Bg7 6. 0-0 Nc6 7. Nbd2 d6 8. Bb5 Bd7 9. c3 0-0 10. Qe2 a6 11. Bxc6 Bxc6 12. Qd1 Re8 13. Re1 h6 14. Bxf6 Bxf6 15. Rb1 1/2-1/2

[Event "ROM-ch U14"]
[Site "Baile Felix"]
[Date "2017.02.03"]
[Round "2"]
[White "Ganea, Alex Florin"]
[Black "Supiala, Mihai Alexandru"]
[Result "0-1"]
[WhiteElo "1223"]
[BlackElo "1384"]
[PlyCount "88"]
[EventDate "2017.02.02"]
[EventType "swiss"]
[EventRounds "9"]
[EventCountry "ROU"]
[SourceTitle "CBM 176 Extra"]
[Source "ChessBase"]
[SourceDate "2017.03.02"]
[SourceVersion "1"]
[SourceVersionDate "2017.03.02"]
[SourceQuality "1"]

1. d4 d5 2. b3 Nf6 3. Bb2 Nc6 4. h3 e6 5. Nf3 b6 6. Nbd2 Bb7 7. e3 Bd6 8. Bd3 0-0 9. Ne5 Bxe5 10. dxe5 Nd7 11. Nf3 h6 12. c4 Ne7 13. 0-0 Nc5 14. Qc2 Ba6 15. Rad1 Kh8 16. b4 Nxd3 17. Rxd3 Bxc4 18. Qxc4 dxc4 19. Rxd8 Rfxd8 20. Nd4 Rab8 21. b5 Rbc8 22. Ba3 c5 23. bxc6 Nxc6 24. Nxc6 Rxc6 25. f4 c3 26. Rc1 c2 27. Bd6 Rdc8 28. Kf2 g5 29. fxg5 hxg5 30. g4 Kg7 31. Ke2 f6 32. exf6+ Kxf6 33. Bb4 Rh8 34. Kd3 Rxh3 35. Bc3+ Kg6 36. Rxc2 Rg3 37. Rh2 Rxg4 38. Rh8 Rgc4 39. Rg8+ Kh5 40. Rh8+ Kg4 41. Be1 Ra4 42. Rh1 Rxa2 43. Rg1+ Kh5 44. e4 Rd6+ 0-1

[Event "ROM-ch U14"]
[Site "Baile Felix"]
[Date "2017.02.02"]
[Round "1"]
[White "Supiala, Mihai Alexandru"]
[Black "Secrieru, Andrei Cristian"]
[Result "0-1"]
[WhiteElo "1384"]
[BlackElo "1884"]
[PlyCount "42"]
[EventDate "2017.02.02"]
[EventType "swiss"]
[EventRounds "9"]
[EventCountry "ROU"]
[SourceTitle "CBM 176 Extra"]
[Source "ChessBase"]
[SourceDate "2017.03.02"]
[SourceVersion "1"]
[SourceVersionDate "2017.03.02"]
[SourceQuality "1"]

1. d4 d5 2. Nf3 Nf6 3. Bg5 e6 4. e3 Be7 5. Nc3 0-0 6. Bd3 Nbd7 7. 0-0 b6 8. Re1 Bb7 9. e4 dxe4 10. Bxe4 Nxe4 11. Nxe4 Bxe4 12. Bxe7 Bxf3 13. Bxd8 Bxd1 14. Rexd1 Rfxd8 15. d5 exd5 16. Rxd5 Nf6 17. Re5 Re8 18. Rf5 Rad8 19. Rf3 Rd2 20. Rc3 Nd5 21. Rc4 g6 0-1